00802nam a22001577a 450000500170000000800410001702000180005805000240007610000320010024500700013226000340020230000570023650503160029365000180060965000170062720231102151605.0130826s1973 mx alus| |||| 00| 0 spa d a978968240246314aQP355.2bT4518 19731 aThompson Richard F.eautor 10aFundamentos de psicología fisiológicac / Richard F. Thompson aMéxicob : Trillasc , 1973 a805 páginas b, gráficas, cuadros, ilustraciones aLas bases físico-químicas Técnicas de investigación Neuroanatomía básica Neuroquímica básica El potencial de membrana del nervio La transmisión sináptica El sistema reticular activador ascendente La corteza cerebral El hipotálamo y el sistema límbico Las bases neuronales del aprendizaje 1aPSICOLOGÍA 2 aFISIOLOGÍA